00924nam a2200289Ia 4500001000700000003000500007008004100012010001100053040000900064090001600073100007100089245009500160260004000255300001000295440006200305500000500367503000500372650005000377650003900427901001500466902000600481910000900487942000800496942000800504999001900512952010300531Z_4577CHAP220113s1985 xx 000 0 und d a167652 cCHAP aFolleto 18  aUniversidad Autónoma de Chihuahua. Facultad de Zootecnia9140962 aNutrición de bovinos productores de carne en agostaderos /cUACH. Facultad de Zootecnia aChihuahua, Chih. :bLa UACH,c1985 a26 p. aTESEACHIC : Revista técnica para el ganadero, 49112460 a a aGanado de carnexAlimentación I. t.9141923 aGanado vacunoxNutrición 945498 aFolleto 18 aA a1985 cc14 cc14 c167652d167652 00102local40708FOLLaZbZc3d2005-11-09l0pz_A1697r2022-01-18 00:00:00t1w2022-01-18yFOLL